Stazioni della metropolitana di Brescia - Statistics

Statistiche generali
  • Questo quiz è stato fatto 100 volte
  • Il punteggio medio è 13 su 17
Statistiche sulle risposte
Risposta % Corretto
Sant'Eufemia-Buffalora
94%
Vittoria
90%
Ospedale
88%
Prealpino
88%
San Polo
87%
Stazione FS
86%
Bresciadue
80%
Sanpolino
78%
San Faustino
77%
Lamarmora
75%
Marconi
75%
Poliambulanza
74%
Mompiano
72%
San Polo Parco
72%
Casazza
70%
Europa
70%
Volta
67%
Nessun quiz corrispondente trovato
Distribuzione punteggi
Percentuale di utenti per punteggio
Percentile per numero di risposta
I tuoi punteggi nel tempo
Non hai fatto questo quiz